[Event "Heusenstamm Sparkassen op-A 5th"]
[Site "Heusenstamm"]
[Date "2018.11.24"]
[Round "5"]
[White "Mehl, Ulrich"]
[Black "Wuerl, Roland"]
[Result "1/2-1/2"]
[WhiteElo "1629"]
[BlackElo "1948"]
[PlyCount "53"]
[EventDate "2018.11.22"]
[EventType "swiss"]
[EventRounds "7"]
[EventCountry "GER"]
[SourceTitle "CBM 188 Extra"]
[Source "ChessBase"]
[SourceDate "2019.02.26"]
[SourceVersion "1"]
[SourceVersionDate "2019.02.26"]
[SourceQuality "1"]

1. d4 Nf6 2. Nf3 g6 3. c4 Bg7 4. Bf4 0-0 5. h3 c5 6. e3 d5 7. Be2 cxd4 8. exd4 Nc6 9. Nc3 Bf5 10. 0-0 dxc4 11. Bxc4 Rc8 12. Bb3 Ne4 13. Re1 Nxc3 14. bxc3 Na5 15. Rc1 Nxb3 16. Qxb3 b6 17. Qa3 e6 18. Re2 Bd3 19. Rb2 a6 20. Ne5 Bb5 21. Qb3 Qd5 22. Qb4 f6 23. Nf3 Rfd8 24. Re1 Bf8 25. Qb3 Kf7 26. Qxd5 exd5 27. a4 1/2-1/2

[Event "Heusenstamm Sparkassen op-B 3rd"]
[Site "Heusenstamm"]
[Date "2016.11.27"]
[Round "1"]
[White "Mehl, Ulrich"]
[Black "Martin, Lukas"]
[Result "1-0"]
[WhiteElo "1556"]
[BlackElo "1421"]
[PlyCount "53"]
[EventDate "2016.11.27"]
[EventType "swiss"]
[EventRounds "7"]
[EventCountry "GER"]
[SourceTitle "EXT 2018"]
[Source "ChessBase"]
[SourceDate "2017.10.13"]
[SourceVersion "1"]
[SourceVersionDate "2017.10.13"]
[SourceQuality "1"]

1. d4 d5 2. c4 e6 3. Nc3 Nf6 4. Bg5 c5 5. e3 Nc6 6. Nf3 Bd6 7. Bxf6 Qxf6 8. cxd5 exd5 9. Nxd5 Qe6 10. dxc5 Bb8 11. Bc4 Qg4 12. Qe2 0-0 13. 0-0 Qh5 14. Nf4 Bxf4 15. exf4 Bg4 16. Rad1 Rfe8 17. Qd2 Rad8 18. Qc2 Re4 19. Rxd8+ Nxd8 20. Qd3 Re8 21. Ng5 g6 22. Qb3 Re7 23. f3 Bd7 24. Rd1 Qh4 25. g3 Qh5 26. Ne4 Qf5 27. Rd5 1-0

[Event "Heusenstamm Sparkassen op-B 2nd"]
[Site "Heusenstamm"]
[Date "2015.11.29"]
[Round "7"]
[White "Mehl, Ulrich"]
[Black "Giebitz, Walter"]
[Result "1-0"]
[WhiteElo "1596"]
[BlackElo "1489"]
[PlyCount "45"]
[EventDate "2015.11.26"]
[EventType "swiss"]
[EventRounds "7"]
[EventCountry "GER"]
[SourceTitle "EXT 2018"]
[Source "ChessBase"]
[SourceDate "2017.10.13"]
[SourceVersion "1"]
[SourceVersionDate "2017.10.13"]
[SourceQuality "1"]

1. d4 g6 2. c4 d6 3. Nc3 Nf6 4. e4 Bg7 5. Bf4 0-0 6. Qd2 b6 7. Nf3 Bb7 8. Bd3 Nbd7 9. Bh6 Re8 10. h4 e5 11. Bxg7 Kxg7 12. d5 Nc5 13. Bc2 c6 14. 0-0-0 cxd5 15. cxd5 Qd7 16. Nh2 Rac8 17. Kb1 Rc7 18. g4 Nxg4 19. b4 Na6 20. Ba4 Qc8 21. Nxg4 Ree7 22. Qh6+ Kh8 23. Nf6 1-0

[Event "Heusenstamm Sparkassen op-B 2nd"]
[Site "Heusenstamm"]
[Date "2015.11.28"]
[Round "4"]
[White "Neuhaus, Joachim"]
[Black "Mehl, Ulrich"]
[Result "0-1"]
[WhiteElo "1500"]
[BlackElo "1596"]
[PlyCount "48"]
[EventDate "2015.11.26"]
[EventType "swiss"]
[EventRounds "7"]
[EventCountry "GER"]
[SourceTitle "EXT 2018"]
[Source "ChessBase"]
[SourceDate "2017.10.13"]
[SourceVersion "1"]
[SourceVersionDate "2017.10.13"]
[SourceQuality "1"]

1. e4 c6 2. d4 d5 3. f3 dxe4 4. fxe4 Nf6 5. Nc3 e5 6. Be3 Ng4 7. Qd2 Nxe3 8. Qxe3 exd4 9. Qd3 dxc3 10. Qxd8+ Kxd8 11. 0-0-0+ Kc7 12. b3 Ba3+ 13. Kb1 Rd8 14. Rxd8 Kxd8 15. Bc4 Be6 16. Bxe6 fxe6 17. Ne2 Bb4 18. Rf1 Ke7 19. Rf3 Nd7 20. Nxc3 Bxc3 21. Rxc3 Rf8 22. Rg3 g6 23. Rh3 Rf7 24. Kb2 Nc5 0-1

[Event "Heusenstamm Sparkassen op-B 2nd"]
[Site "Heusenstamm"]
[Date "2015.11.26"]
[Round "1"]
[White "Mehl, Ulrich"]
[Black "Klein, Simon"]
[Result "1-0"]
[WhiteElo "1596"]
[BlackElo "1341"]
[PlyCount "53"]
[EventDate "2015.11.26"]
[EventType "swiss"]
[EventRounds "7"]
[EventCountry "GER"]
[SourceTitle "EXT 2018"]
[Source "ChessBase"]
[SourceDate "2017.10.13"]
[SourceVersion "1"]
[SourceVersionDate "2017.10.13"]
[SourceQuality "1"]

1. d4 Nf6 2. c4 e6 3. Nc3 Be7 4. e4 d6 5. Nf3 h6 6. Bd3 Nc6 7. Bf4 d5 8. e5 Nh7 9. h4 dxc4 10. Bxc4 f5 11. Qd2 Na5 12. Bd3 b6 13. Rh3 Bb7 14. 0-0-0 Qd7 15. Qe2 0-0-0 16. Ba6 g5 17. Bxb7+ Nxb7 18. hxg5 Bxg5 19. Bxg5 Nxg5 20. Nxg5 hxg5 21. Rxh8 Rxh8 22. Qa6 Kb8 23. Nb5 Qc6+ 24. Kb1 Qe4+ 25. Ka1 Kc8 26. Rc1 Rh7 27. Nd6+ 1-0

[Event "Frankfurt-chA"]
[Site "Frankfurt"]
[Date "2015.06.15"]
[Round "7"]
[White "Mehl, Ulrich"]
[Black "Lanz, Juergen"]
[Result "1/2-1/2"]
[WhiteElo "1571"]
[BlackElo "1526"]
[PlyCount "47"]
[EventDate "2015.04.27"]
[EventType "swiss"]
[EventRounds "7"]
[EventCountry "GER"]
[SourceTitle "EXT 2016"]
[Source "ChessBase"]
[SourceDate "2015.10.08"]
[SourceVersion "1"]
[SourceVersionDate "2015.10.08"]
[SourceQuality "1"]

1. d4 Nf6 2. c4 g6 3. Nc3 d5 4. cxd5 Nxd5 5. e4 Nxc3 6. bxc3 Bg7 7. Nf3 c5 8. Bb5+ Bd7 9. Bxd7+ Nxd7 10. 0-0 0-0 11. Bf4 cxd4 12. cxd4 Nf6 13. Re1 e6 14. Qd2 Rc8 15. Rad1 Rc4 16. Ne5 Ra4 17. f3 Qb6 18. Be3 Qa6 19. Re2 Rc8 20. Qb2 Bf8 21. Bg5 Ba3 22. Qd2 Ne8 23. Qf4 f5 24. Ree1 1/2-1/2

[Event "Frankfurt-chA"]
[Site "Frankfurt"]
[Date "2014.06.02"]
[Round "6"]
[White "Stulken, Dietmar"]
[Black "Mehl, Ulrich"]
[Result "0-1"]
[WhiteElo "1391"]
[BlackElo "1570"]
[PlyCount "108"]
[EventDate "2014.04.28"]
[EventType "swiss"]
[EventRounds "7"]
[EventCountry "GER"]
[SourceTitle "EXT 2015"]
[Source "ChessBase"]
[SourceDate "2014.11.20"]
[SourceVersion "1"]
[SourceVersionDate "2014.11.20"]
[SourceQuality "1"]

1. e4 c6 2. d4 d5 3. exd5 cxd5 4. c4 Nf6 5. Nc3 e6 6. Nf3 Nc6 7. a3 Be7 8. Bd3 dxc4 9. Bxc4 0-0 10. 0-0 b6 11. Be3 Bb7 12. Ne5 Nxe5 13. dxe5 Nd5 14. Bd2 Qc7 15. Bxd5 exd5 16. Re1 Qd7 17. Be3 Rfd8 18. Bd4 Rac8 19. Re3 Bc5 20. Rg3 Bxd4 21. Qxd4 Rc4 22. Qd2 Qf5 23. Rg5 Qd7 24. Rg3 Rc6 25. Qd4 Rc4 26. Qd2 Rg4 27. Qe2 Rxg3 28. fxg3 d4 29. Rd1 d3 30. Qe3 Qc6 31. Qf2 Ba6 32. Rf1 Rd7 33. Qd2 Qc5+ 34. Kh1 Re7 35. b4 Qxe5 36. b5 Bxb5 37. Nxb5 Qxb5 38. Rc1 Re8 39. Rd1 h6 40. h3 Rd8 41. Qc3 Qd5 42. Qc7 Re8 43. Rd2 Qe4 44. Qc3 Qe1+ 45. Kh2 Re2 46. Qc8+ Re8 47. Qc3 Rd8 48. Qc7 Qxd2 49. Qxd8+ Kh7 50. Qd4 Qe2 51. Qf4 Qe6 52. a4 a5 53. g4 f6 54. Qd2 Qe5+ 0-1

[Event "Frankfurt-chA"]
[Site "Frankfurt"]
[Date "2013.05.06"]
[Round "2"]
[White "Mehl, Ulrich"]
[Black "Kuhn, Gerhard"]
[Result "0-1"]
[WhiteElo "1589"]
[BlackElo "2003"]
[PlyCount "68"]
[EventDate "2013.04.29"]
[EventType "swiss"]
[EventRounds "7"]
[EventCountry "GER"]
[SourceTitle "EXT 2014"]
[Source "ChessBase"]
[SourceDate "2013.11.20"]
[SourceVersion "1"]
[SourceVersionDate "2013.11.20"]
[SourceQuality "1"]

1. d4 Nf6 2. c4 g6 3. Nc3 d5 4. Bf4 Bg7 5. e3 0-0 6. Nf3 c5 7. Be2 cxd4 8. exd4 Nc6 9. 0-0 dxc4 10. Bxc4 Bg4 11. h3 Bxf3 12. Qxf3 Qxd4 13. Bb3 Qb4 14. Be3 e6 15. Rfd1 h6 16. Rd2 Rad8 17. Rad1 Rxd2 18. Rxd2 a5 19. Rc2 e5 20. Nd5 Nxd5 21. Bxd5 Nd4 22. Bxd4 exd4 23. g3 Qd6 24. Bc4 b6 25. b3 h5 26. a4 Qd7 27. Bb5 Qxh3 28. Qb7 Qf5 29. Rc7 h4 30. Bc4 hxg3 31. Rxf7 gxf2+ 32. Kf1 Rxf7 33. Qa8+ Kh7 34. Qh1+ Bh6 0-1

[Event "Frankfurt-chA"]
[Site "Frankfurt"]
[Date "2013.04.29"]
[Round "1"]
[White "Achtmann, Armin Ludwig"]
[Black "Mehl, Ulrich"]
[Result "1/2-1/2"]
[WhiteElo "1980"]
[BlackElo "1589"]
[PlyCount "110"]
[EventDate "2013.04.29"]
[EventType "swiss"]
[EventRounds "7"]
[EventCountry "GER"]
[SourceTitle "EXT 2014"]
[Source "ChessBase"]
[SourceDate "2013.11.20"]
[SourceVersion "1"]
[SourceVersionDate "2013.11.20"]
[SourceQuality "1"]

1. b4 d5 2. Bb2 Nf6 3. Nf3 Bf5 4. e3 e6 5. b5 c6 6. a4 Be7 7. Be2 0-0 8. 0-0 Qc7 9. Nh4 Bg6 10. Nxg6 hxg6 11. d3 Nbd7 12. Nd2 Bd6 13. h3 Rac8 14. c4 c5 15. Qb3 b6 16. a5 Ra8 17. Bf3 Ne5 18. axb6 Nxf3+ 19. Nxf3 dxc4 20. Qxc4 axb6 21. Ra6 Rxa6 22. bxa6 e5 23. Ra1 Ra8 24. Nd2 Qc6 25. a7 b5 26. Qa2 Nd5 27. Qa6 Qb6 28. Ne4 Bc7 29. Nxc5 Qxa6 30. Rxa6 Nb4 31. Ra1 Nc6 32. Nd7 Rxa7 33. Rxa7 Nxa7 34. Nxe5 Bxe5 35. Bxe5 Nc6 36. Bb2 Nb4 37. Bd4 Nxd3 38. Kf1 f6 39. Ke2 Nb4 40. Kd2 Kf7 41. e4 Nc6 42. Bc5 Ke6 43. f4 f5 44. e5 g5 45. g3 Kd5 46. Bf8 gxf4 47. gxf4 g6 48. Kd3 b4 49. Bd6 b3 50. Ba3 Nd4 51. Bb2 Nf3 52. Kc3 Ng1 53. h4 Nh3 54. Bc1 Ng1 55. Ba3 Nh3 1/2-1/2